Clinical Pharmacokinetics (Бичлэгийн дугаар. 145119)
| 000 -УДИРДЛАГА | |
|---|---|
| Удирдлага | 00550nam a22002297a 4500 |
| 003 - ХЯНАЛТЫН ТОО ТОДОРХОЙЛОГЧ | |
| Код | MN-UlNUM |
| 005 - БИЧИЛТ ХИЙСЭН ОГНОО | |
| Тухайн бичилтийг бичсэн засварласан сүүлийн огноо | 20251029171747.0 |
| 008 - ЕРӨНХИЙ МЭДЭЭЛЭЛ | |
| Ерөнхий мэдээлэл | 251029s2001 nz ad 000 | eng d |
| 022 ## - ISSN | |
| ISSN | 0312-5963 |
| 040 ## - БИЧЛЭГ ҮҮСГЭГЧ БАЙГУУЛЛАГА | |
| Бичлэг үүсгэгч номын сангийн код | МУИС-ийн номын сан |
| 084 ## - ББК АНГИЛАЛ | |
| Нэмэлт тусгалт | Нэг сэдэвт бүтээл |
| ББК ангилал | 52.81 |
| Зохиогчийн гурван тэмдэгт | C 61 |
| Мэдлэгийн ялгаа | 5 - Эрүүлийг хамгаалах анагаах |
| 245 ## - ҮНДСЭН ГАРЧИГ | |
| Номын нэр | Clinical Pharmacokinetics |
| Ботийн дугаар | Vol. 40, No 10 |
| 260 ## - ГАРАЛТЫН МЭДЭЭ | |
| Хэвлэгдсэн газар | New Zeland |
| Хэвлэлийн газар | Adis international |
| Хэвлэгдсэн он | 2001 |
| 300 ## - МАТЕРИАЛЫН ТОДОРХОЙЛОЛТ | |
| хуудасны тоо | 702-781 |
| 500 ## - Тайлбар | |
| Дансны дугаар | БС 3259 |
| 546 ## - ХЭЛНИЙ ТУХАЙ МЭДЭЭ | |
| Хэл | Англи хэл дээр, |
| 653 ## - Түлхүүр үг | |
| Түлхүүр үг | clinical |
| 653 ## - Түлхүүр үг | |
| Түлхүүр үг | drug |
| 653 ## - Түлхүүр үг | |
| Түлхүүр үг | human body |
| 942 ## - ЭЛЕМЕНТИЙН ТӨРӨЛ | |
| Зүйлийн төрөл | Ном |
